<?xml version="1.0" encoding="UTF-8"?>
<collection xmlns="http://www.loc.gov/MARC21/slim">
    <record>
        <controlfield tag="001">57122</controlfield>
        <controlfield tag="005">20161116105726.0</controlfield>
        <datafield tag="037" ind1=" " ind2=" ">
            <subfield code="a">TAZ-TFG-2016-3097</subfield>
        </datafield>
        <datafield tag="041" ind1=" " ind2=" ">
            <subfield code="a">spa</subfield>
        </datafield>
        <datafield tag="100" ind1="1" ind2=" ">
            <subfield code="a">García de Gregorio, Javier</subfield>
        </datafield>
        <datafield tag="242" ind1="0" ind2="0">
            <subfield code="a">Implementation of an information system in a company</subfield>
        </datafield>
        <datafield tag="245" ind1="0" ind2="0">
            <subfield code="a">Implantación de un sistema de información de una empresa</subfield>
        </datafield>
        <datafield tag="260" ind1=" " ind2=" ">
            <subfield code="a">Zaragoza</subfield>
            <subfield code="b">Universidad de Zaragoza</subfield>
            <subfield code="c">2016</subfield>
        </datafield>
        <datafield tag="506" ind1=" " ind2=" ">
            <subfield code="a">by-nc-sa</subfield>
            <subfield code="b">Creative Commons</subfield>
            <subfield code="c">3.0</subfield>
            <subfield code="u">http://creativecommons.org/licenses/by-nc-sa/3.0/</subfield>
        </datafield>
        <datafield tag="520" ind1=" " ind2=" ">
            <subfield code="a">El presente trabajo trata sobre el diseño de un plan de implantación de un Sistema de Información (Odoo, 2014) y la creación de un prototipo inicial para una empresa de distribución. Esta PYME es de nueva creación y los datos usados referente a ella son inventados. Para realizar el diseño del plan de implantación, se ha realizado un análisis y modelado de la empresa determinando sus requisitos funcionales. Después se ha realizado una planificación de la implantación, determinando la modalidad de implantación en el caso de una implantación real, el equipo de implantación y las fases y tareas a seguir con sus tiempos de realización. También se ha realizado una gestión de los riesgos que pueden aparecer. Para la construcción del prototipo, se ha instalado el servidor Odoo en un PC con sistema operativo Windows actuando como servidor web, se han escogido los módulos que satisfacen los requisitos funcionales anteriormente determinados, configurándolos de acuerdo a las necesidades de la empresa. A continuación se han introducido los datos maestros. Se han vinculado los usuarios con los empleados, se han creado y configurado los proveedores, los clientes, el almacén y los productos; obteniendo un prototipo operativo incompleto de Odoo, ya que debido a la extensión del trabajo sólo se han documentado los módulos de mayor importancia, pero que permite ver las posibilidades que nos ofrece el SI. Por último se mostrará una simulación de funcionamiento del prototipo, demostrando que se adapta correctamente a la empresa, alcanzando de esta manera el objetivo del presente trabajo.</subfield>
        </datafield>
        <datafield tag="521" ind1=" " ind2=" ">
            <subfield code="a">Graduado en Ingeniería de Organización Industrial</subfield>
        </datafield>
        <datafield tag="540" ind1=" " ind2=" ">
            <subfield code="a">Derechos regulados por licencia Creative Commons</subfield>
        </datafield>
        <datafield tag="700" ind1=" " ind2=" ">
            <subfield code="a">Esteban Sánchez, Ana Lucía</subfield>
            <subfield code="e">dir.</subfield>
        </datafield>
        <datafield tag="710" ind1="2" ind2=" ">
            <subfield code="a">Universidad de Zaragoza</subfield>
            <subfield code="b"> </subfield>
            <subfield code="c"></subfield>
        </datafield>
        <datafield tag="856" ind1="0" ind2=" ">
            <subfield code="f">611005@celes.unizar.es</subfield>
        </datafield>
        <datafield tag="856" ind1="4" ind2=" ">
            <subfield code="s">16801163</subfield>
            <subfield code="u">http://zaguan.unizar.es/record/57122/files/TAZ-TFG-2016-3097.pdf</subfield>
            <subfield code="y">Memoria (spa)</subfield>
        </datafield>
        <datafield tag="909" ind1="C" ind2="O">
            <subfield code="o">oai:zaguan.unizar.es:57122</subfield>
            <subfield code="p">driver</subfield>
            <subfield code="p">trabajos-fin-grado</subfield>
        </datafield>
        <datafield tag="950" ind1=" " ind2=" ">
            <subfield code="a"></subfield>
        </datafield>
        <datafield tag="951" ind1=" " ind2=" ">
            <subfield code="a">deposita:2016-11-14</subfield>
        </datafield>
        <datafield tag="980" ind1=" " ind2=" ">
            <subfield code="a">TAZ</subfield>
            <subfield code="b">TFG</subfield>
            <subfield code="c">ALM</subfield>
        </datafield>
    </record>

    
</collection>